[Event "Vecindario Montalvo Memorial 17th"]
[Site "Vecindario"]
[Date "2025.04.19"]
[Round "8"]
[White "Rodriguez Trujillo, Cristian"]
[Black "Martinez Correa, Rafael"]
[Result "0-1"]
[WhiteElo "1562"]
[BlackElo "1719"]
[PlyCount "118"]
[EventDate "2025.04.12"]
[EventType "swiss"]
[EventRounds "9"]
[EventCountry "ESP"]
[SourceTitle "CB17_2025"]
[SourceDate "2025.04.23"]
[SourceVersion "1"]
[SourceVersionDate "2025.04.23"]
[SourceQuality "1"]

1. e4 c5 2. Nf3 Nc6 3. c3 d5 4. exd5 Qxd5 5. d4 Bf5 6. Na3 e6 7. Nb5 Rc8 8. Be3 a6 9. c4 Qd7 10. Nc3 cxd4 11. Nxd4 Bg6 12. Nxc6 Qxc6 13. Qa4 Nf6 14. Qxc6+ Rxc6 15. Rd1 Bb4 16. Bd4 Ke7 17. a3 Bc5 18. Bxc5+ Rxc5 19. b4 Rc7 20. c5 Rb8 21. Rc1 Rd8 22. Be2 Nd5 23. Nxd5+ Rxd5 24. 0-0 Bd3 25. Bf3 Bxf1 26. Bxd5 Bb5 27. Bc4 Bxc4 28. Rxc4 b6 29. Kf1 bxc5 30. Ke2 Kd6 31. Kd3 cxb4 32. Rd4+ Kc6 33. Rxb4 Rd7+ 34. Kc2 Rd5 35. a4 Rc5+ 36. Kd2 Rd5+ 37. Ke3 Rd1 38. a5 Rd6 39. Rb8 Kc7 40. Rf8 Rd7 41. Rh8 h6 42. Rg8 f6 43. Re8 e5 44. Re6 Rd6 45. Re7+ Kc6 46. Rxg7 Kb5 47. Rg6 Kxa5 48. Rxh6 Kb5 49. Rh8 a5 50. h4 a4 51. h5 a3 52. h6 a2 53. h7 a1Q 54. Rb8+ Kc4 55. Rc8+ Kb3 56. h8Q Qd4+ 57. Kf3 Qf4+ 58. Ke2 Rd2+ 59. Ke1 Qxf2# 0-1

[Event "Vecindario Montalvo Memorial 17th"]
[Site "Vecindario"]
[Date "2025.04.18"]
[Round "7"]
[White "Castro Miguelez, Jose"]
[Black "Rodriguez Trujillo, Cristian"]
[Result "1-0"]
[WhiteElo "1846"]
[BlackElo "1562"]
[PlyCount "53"]
[EventDate "2025.04.12"]
[EventType "swiss"]
[EventRounds "9"]
[EventCountry "ESP"]
[SourceTitle "CB17_2025"]
[SourceDate "2025.04.23"]
[SourceVersion "1"]
[SourceVersionDate "2025.04.23"]
[SourceQuality "1"]

1. e4 e5 2. Nf3 Nc6 3. Bb5 a6 4. Ba4 Nf6 5. 0-0 Be7 6. Re1 b5 7. Bb3 0-0 8. a4 Bb7 9. d3 Na5 10. Ba2 c5 11. Nxe5 Qc7 12. Nf3 Nc6 13. Nc3 Nd4 14. Nxd4 cxd4 15. Nd5 Nxd5 16. exd5 Bd6 17. h3 Rfe8 18. Bd2 Rxe1+ 19. Bxe1 Re8 20. Bb3 b4 21. a5 Qc5 22. Ra4 Bxd5 23. Bxb4 Qc6 24. Bxd5 Qxa4 25. Bxd6 Qxa5 26. Qf3 Re7 27. Bxf7+ 1-0

[Event "Vecindario Montalvo Memorial 17th"]
[Site "Vecindario"]
[Date "2025.04.13"]
[Round "2"]
[White "Rodriguez Trujillo, Cristian"]
[Black "Sanchez Montesdeoca, Isaac"]
[Result "0-1"]
[WhiteElo "1562"]
[BlackElo "1807"]
[PlyCount "156"]
[EventDate "2025.04.12"]
[EventType "swiss"]
[EventRounds "9"]
[EventCountry "ESP"]
[SourceTitle "CB17_2025"]
[SourceDate "2025.04.23"]
[SourceVersion "1"]
[SourceVersionDate "2025.04.23"]
[SourceQuality "1"]

1. e4 c5 2. Nf3 d6 3. c3 Nf6 4. Be2 g6 5. h3 Bg7 6. 0-0 0-0 7. d3 Nc6 8. Be3 Qc7 9. Qc1 Bd7 10. Bh6 Rfc8 11. Bxg7 Kxg7 12. Nbd2 a6 13. a4 b5 14. axb5 axb5 15. Rxa8 Rxa8 16. d4 c4 17. e5 dxe5 18. dxe5 Nxe5 19. Nd4 Qc5 20. b3 Ra2 21. b4 Qa7 22. N2f3 Nxf3+ 23. Bxf3 e5 24. Nc6 Bxc6 25. Bxc6 Qb6 26. Bf3 Qa7 27. Qe1 Qb8 28. Qe3 Ra3 29. Re1 e4 30. Bxe4 Qe5 31. Bc6 Qxc3 32. Qxc3 Rxc3 33. Bxb5 Rc2 34. Bc6 c3 35. b5 Rb2 36. Rc1 c2 37. Kh2 Ng8 38. Be4 Rxb5 39. Rxc2 Ne7 40. g4 Rb4 41. f3 Rd4 42. Rc7 Kf6 43. Rb7 h6 44. Kg3 Nc8 45. Rb8 Nd6 46. Bb1 g5 47. Rh8 Rd1 48. Rxh6+ Ke7 49. Bf5 Ra1 50. Rh5 Kf6 51. Rh6+ Ke5 52. h4 gxh4+ 53. Rxh4 Ra3 54. Rh5 Kf6 55. Rh6+ Ke5 56. Rh5 Kf6 57. Bc2 Rc3 58. Rh6+ Ke7 59. Bh7 Ra3 60. g5 Rc3 61. Rh4 Rc5 62. Kg4 Ne8 63. Be4 Rc1 64. Kf4 Ng7 65. Ke5 Rc5+ 66. Bd5 Ne6 67. f4 Nc7 68. Ke4 Rxd5 69. f5 Ra5 70. Rh7 Ne8 71. g6 Nf6+ 72. Kf4 Ra4+ 73. Kg5 Rg4+ 74. Kh6 Nxh7 75. Kxh7 fxg6 76. fxg6 Kf6 77. g7 Rxg7+ 78. Kh8 Ra7 0-1

[Event "Vecindario Montalvo Memorial 17th"]
[Site "Vecindario"]
[Date "2025.04.12"]
[Round "1"]
[White "Halldorsson, Halldor Brynjar"]
[Black "Rodriguez Trujillo, Cristian"]
[Result "1-0"]
[WhiteElo "2103"]
[BlackElo "1562"]
[PlyCount "101"]
[EventDate "2025.04.12"]
[EventType "swiss"]
[EventRounds "9"]
[EventCountry "ESP"]
[SourceTitle "CB17_2025"]
[SourceDate "2025.04.23"]
[SourceVersion "1"]
[SourceVersionDate "2025.04.23"]
[SourceQuality "1"]

1. e4 e5 2. Nf3 Nc6 3. Bb5 a6 4. Ba4 Nf6 5. 0-0 Be7 6. Qe2 d6 7. c3 0-0 8. d4 exd4 9. cxd4 Bg4 10. Rd1 d5 11. e5 Ne4 12. Nc3 Ng5 13. Bb3 Nxf3+ 14. gxf3 Be6 15. f4 Qd7 16. Kh1 Bg4 17. f3 Be6 18. Be3 Na5 19. f5 Bxf5 20. Bxd5 c6 21. Be4 Bxe4 22. fxe4 f6 23. exf6 Bxf6 24. b4 b5 25. bxa5 Qh3 26. e5 Bh4 27. Rf1 Rfe8 28. Ne4 Qe6 29. Bg5 Bxg5 30. Nxg5 Qd5+ 31. Qe4 Qxe4+ 32. Nxe4 Rad8 33. Nd6 Re6 34. Rae1 Rd7 35. Kg2 Rg6+ 36. Kf3 Kf8 37. Ke4+ Ke7 38. Rf7+ Ke6 39. Rxd7 Kxd7 40. d5 cxd5+ 41. Kxd5 Rg2 42. e6+ Ke7 43. Nf5+ Ke8 44. Rc1 Rd2+ 45. Ke4 g6 46. Rc8+ Rd8 47. Nd6+ Ke7 48. Ke5 Rxc8 49. Nxc8+ Kd8 50. e7+ Kd7 51. Ke4 1-0